=LDR 00000nam 2200000 4500 =001 NUTBA000000000001143 =005 20140414135144.0 =006 =007 =008 =020 ##$$a 978 81 207 2006 0 =035 ##$$a 0010-041400000000413 =082 ##$$a 425-Mah-p =100 ##$$a Dr.Maheswar Pnda =245 ##$$a Pengayaan bahasa inggris kata dan penggunaannya =260 ##$$b Words and their Usages $c 2006 =300 ##$$a ix,185 hlm $c 23 cm =990 ##$$a 93773/BPAP-NTB/2014 =990 ##$$a 21196892/BPAP-NTB/2014 =990 ##$$a 21400424/BPAP-NTB/2014 =990 ##$$a 21400613/BPAP-NTB/20142014 =990 ##$$a 0001/BPAP-NTB/20142014